AMITABH BACHCHAN The Forever Star/ (Record no. 200435)

MARC details
000 -LEADER
fixed length control field 00586nam a22002057a 4500
005 - DATE AND TIME OF LATEST TRANSACTION
control field 20240129151600.0
010 ## - LCCN (DPL NO)
LC control number ENG-139074
020 ## - INTERNATIONAL STANDARD BOOK NUMBER
International Standard Book Number 9789355431042
Terms of availability 2500.00
035 ## - SYSTEM CONTROL NUMBER
System control number EN-122606
037 ## - SOURCE OF ACQUISITION
Source of stock number/acquisition DBAD/PUB
082 ## - DEWEY DECIMAL CLASSIFICATION NUMBER
Classification number 920
Edition number 1
100 ## - MAIN ENTRY--PERSONAL NAME
Personal name Chandra, Pradeep
245 ## - TITLE STATEMENT
Title AMITABH BACHCHAN The Forever Star/
Statement of responsibility, etc Pradeep Chandra
250 ## - EDITION STATEMENT
Edition statement 1
260 ## - PUBLICATION, DISTRIBUTION, ETC. (IMPRINT)
Name of publisher, distributor, etc Manjul Publishing House
Date of publication, distribution, etc 2022
Place of publication, distribution, etc Noida
270 ## - ADDRESS
Address C-16, Sector 3 Gautam Buddha Nagar, Noida-201301 U.P
300 ## - PHYSICAL DESCRIPTION
Extent 175 p.
Dimensions 32 cm(hbk)
700 ## - ADDED ENTRY--PERSONAL NAME
9 (RLIN) 61376
942 ## - ADDED ENTRY ELEMENTS (KOHA)
Source of classification or shelving scheme Dewey Decimal Classification
Item type English Books
Classification part 920
Call number suffix CHA
Holdings
Withdrawn status Lost status Not for loan Collection code Home library Current library Date acquired Source of acquisition Cost, normal purchase price Full call number Barcode Copy number Cost, replacement price Koha item type
    Not For Loan Reference Sarojini Nagar Sarojini Nagar 29/01/2024 DBAD/PUB 2500.00 920 CHA EN-122606 1 2500.00 English Books

© Delhi Public Library
Hit Counter
free hit counter